English simplified : (Запис № 493145)

МАРК-запис
000 -LEADER
fixed length control field 01324cam a2200301 i 4500
001 - CONTROL NUMBER
control field englishsimplifie00ells
003 - CONTROL NUMBER IDENTIFIER
control field CaSfIA
005 - DATE AND TIME OF LATEST TRANSACTION
control field 20210118004658.0
007 - PHYSICAL DESCRIPTION FIXED FIELD--GENERAL INFORMATION
fixed length control field cr||||
008 - FIXED-LENGTH DATA ELEMENTS--GENERAL INFORMATION
fixed length control field 761130s1977 nyu 00110 eng
010 ## - LIBRARY OF CONGRESS CONTROL NUMBER
LC control number 76057227 //r932
020 ## - INTERNATIONAL STANDARD BOOK NUMBER
International Standard Book Number 0690008767
040 ## - CATALOGING SOURCE
Original cataloging agency DLC
Transcribing agency DLC
Modifying agency DLC
-- CaSfIA
050 00 - LIBRARY OF CONGRESS CALL NUMBER
Classification number PE1113
Item number .E4 1977
082 00 - DEWEY DECIMAL CLASSIFICATION NUMBER
Classification number 428/.2/0202
100 10 - MAIN ENTRY--PERSONAL NAME
Personal name Ellsworth, Blanche,
Dates associated with a name 1902-
245 10 - TITLE STATEMENT
Title English simplified :
Medium [electronic resource]
Remainder of title punctuation, spelling, grammar, usage, mechanics, documentation /
Statement of responsibility, etc Blanche Ellsworth.
250 ## - EDITION STATEMENT
Edition statement 3d ed.
260 0# - PUBLICATION, DISTRIBUTION, ETC. (IMPRINT)
Place of publication, distribution, etc New York :
Name of publisher, distributor, etc Crowell,
Date of publication, distribution, etc c1977.
300 ## - PHYSICAL DESCRIPTION
Extent 32 p. ;
Dimensions 29 cm.
Extent & exercise book.
500 ## - GENERAL NOTE
General note Includes index.
506 ## - RESTRICTIONS ON ACCESS NOTE
Standardized terminology for access restriction Необхідна авторизація на https://archive.org/ (створення облікового запису безкоштовно)
506 ## - RESTRICTIONS ON ACCESS NOTE
Standardized terminology for access restriction Необхідна авторизація на https://openlibrary.org/ (створення облікового запису безкоштовно)
650 #0 - SUBJECT ADDED ENTRY--TOPICAL TERM
Topical term or geographic name as entry element English language
General subdivision Grammar.
856 41 - ELECTRONIC LOCATION AND ACCESS
Uniform Resource Identifier <a href="http://www.archive.org/details/englishsimplifie00ells">http://www.archive.org/details/englishsimplifie00ells</a>
Public note Free eBook from the Internet Archive
856 42 - ELECTRONIC LOCATION AND ACCESS
Uniform Resource Identifier <a href="http://www.openlibrary.org/books/OL4908421M">http://www.openlibrary.org/books/OL4908421M</a>
Public note Additional information and access via Open Library
942 ## - ADDED ENTRY ELEMENTS (KOHA)
Koha item type ЕКнига

Немає доступних примірників.